F1 2024 Podiums - Statistics

General Stats
  • This quiz has been taken 208 times
  • The average score is 34 of 34
Answer Stats
Race P1 P2 P3 % Correct
Great Britain Lewis Hamilton Max Verstappen Lando Norris
100%
Belgium Lewis Hamilton Oscar Piastri Charles Leclerc
100%
Lewis Hamilton
100%
Bahrain Max Verstappen Sergio Perez Carlos Sainz
100%
Saudi Arabia Max Verstappen Sergio Perez Charles LeClerc
100%
Japan Max Verstappen Sergio Perez Carlos Sainz
100%
China Max Verstappen Lando Norris Sergio Perez
100%
Emilia-Romagna Max Verstappen Lando Norris Charles LeClerc
100%
Canada Max Verstappen Lando Norris George Russell
100%
Spain Max Verstappen Lando Norris Lewis Hamilton
100%
Brazil Max Verstappen Esteban Ocon Pierre Gasly
100%
Qatar Max Verstappen Charles Leclerc Oscar Piastri
100%
Max Verstappen
100%
Australia Carlos Sainz Charles LeClerc Lando Norris
99%
Mexico Carlos Sainz Lando Norris Charles Leclerc
99%
Carlos Sainz
99%
Monaco Charles LeClerc Oscar Piastri Carlos Sainz
99%
Italy Charles LeClerc Oscar Piastri Lando Norris
99%
United States Charles LeClerc Carlos Sainz Max Verstappen
99%
Charles LeClerc
99%
Miami Lando Norris Max Verstappen Charles LeClerc
99%
Netherlands Lando Norris Max Verstappen Charles Leclerc
99%
Singapore Lando Norris Max Verstappen Oscar Piastri
99%
Abu Dhabi Lando Norris Carlos Sainz Charles Leclerc
99%
Lando Norris
99%
Hungary Oscar Piastri Lando Norris Lewis Hamilton
98%
Azerbaijan Oscar Piastri Charles Leclerc George Russell
98%
Oscar Piastri
98%
Austria George Russell Oscar Piastri Carlos Sainz
97%
Las Vegas George Russell Lewis Hamilton Carlos Sainz
97%
George Russell
97%
Sergio Perez
97%
Pierre Gasly
96%
Esteban Ocon
94%
No matching quizzes found
Score Distribution
Percent of People with Each Score
Percentile by Number Answered
Your Score History
You have not taken this quiz